Cryptic Geography: Cities (3) - Statistics

General Stats
  • This quiz has been taken 13 times
  • The average score is 4 of 15
Answer Stats
Clue City % Correct
Inform one Vivian about the Holy Land Tel Aviv
64%
British Rail is the nemesis of this ex-colonial city down under Brisbane
45%
South American Olympic prize, it seems Medellin
45%
Explosion with you and I in central Africa Bangui
36%
Man and song in reverse, on the North African coast Alexandria
27%
Relatives, quiet as a city in Africa Kinshasa
27%
Average is this French-speaking city Paris
27%
City below the sea, back losing a hundred with you Baku
18%
Oriental force for Britain and ourselves, and that man, and mother Fukushima
18%
North we hear is honey, oddly; no five benefit contains capital of Russia Nizhny Novgorod
18%
One gag, 500, or French three split up in Sahel Ouagadougou
18%
Asian capital emerges from facial hair and Superman character Tashkent
18%
Modified marsupial with a skin swelling, another city in the Far East Kuala Lumpur
9%
Endless cracker of codes in the Mediterranean Turin
9%
Back Arabian nation at sodium-uranium gravity base in Caribbean Guantanamo
0%
No matching quizzes found
Score Distribution
Percent of People with Each Score
Percentile by Number Answered
Your Score History
You have not taken this quiz